000 00675nam a2200241Ia 4500
003 OSt
005 20220925185453.0
006 a|||||r|||| 00| 0
007 ta
008 220923b |||||||| |||| 00| 0 eng d
020 _a07204 3071 2
037 _cGeneral Book
040 _aRTL
_cRTL
_beng
041 _2eng
_aeng
082 _aB2816, L2
100 _aSengupta Jati J
_9234612
245 0 _aStochastic programming
_b Methods and applications
260 _aAmsterdam
_bNorth-Holland
_c1972
300 _axi,313p.
_ccm.
500 _aBibliography P 303-13
942 _hB2816, L2
_cGB
_2CC
999 _c510985
_d510985